Lifestyle Market Segmentation

Gespeichert in:
Bibliographische Detailangaben
1. Verfasser: Cahill, Dennis J.
Format: Buch
Sprache:Englisch
Veröffentlicht: New York Routledge/Taylor & Francis Group 2012
Schlagworte:
Tags: Tag hinzufügen
Keine Tags, Fügen Sie das erste Tag hinzu!

MARC

LEADER 00000nam a2200000 4500
001 0277241
005 20240306140348.9
020 |a 978-078902-869-3 
020 |a 978-0-7890-2869-3 
020 |a 0-7890-2869-7 
020 |a 978-0-7890-2868-6 
041 0 |a eng 
044 |a US 
245 1 0 |a Lifestyle Market Segmentation  |c Dennis J. Cahill 
264 1 |a New York  |b Routledge/Taylor & Francis Group  |c 2012 
300 |a 184 s. 
610 2 0 |a štýl životný 
610 2 0 |a segmentácia trhu 
610 2 0 |a správanie spotrebiteľa 
610 2 0 |a marketing 
610 2 0 |a zákazníci 
610 2 0 |a psychológia 
100 1 |a Cahill, Dennis J.